logo

Bir Sreshtho Munshi Abdur Rouf Library
Jhenaidah Cadet College

নীতিবিজ্ঞান ও মানবজীবন / (Record no. 1252)

MARC details
000 -LEADER
fixed length control field 00715nam a2200241 a 4500
001 - CONTROL NUMBER
JCCL Control Number 1252
003 - CONTROL NUMBER IDENTIFIER
JCCL marc code BD-JhCC
005 - DATE AND TIME OF LATEST TRANSACTION
control field 20190624134017.0
008 - FIXED-LENGTH DATA ELEMENTS--GENERAL INFORMATION
fixed length control field 171017s2002 bg |||| ||a| 000 0 ben d
020 ## - INTERNATIONAL STANDARD BOOK NUMBER
International Standard Book Number 9844102995
035 ## - SYSTEM CONTROL NUMBER
system control number (BD-JhCC)1252
040 ## - CATALOGING SOURCE
Original cataloging agency BD-JhCC
Modifying agency BD-JhCC
041 ## - LANGUAGE CODE
Language code of Book ben
082 ## - DEWEY DECIMAL CLASSIFICATION NUMBER
DDC Edition number 22
Classification number 170
Author mark and Year ISL 2002
100 ## - MAIN ENTRY--PERSONAL NAME
Personal name ইসলাম, ড. আমিনুল
245 ## - TITLE STATEMENT
Title নীতিবিজ্ঞান ও মানবজীবন /
Statement of responsibility, etc ড. আমিনুল ইসলাম
260 ## - PUBLICATION, DISTRIBUTION, ETC. (IMPRINT)
Place of publication, distribution, etc ঢাকা :
Name of publisher, distributor, etc মাওলা ব্রাদার্স,
Date of publication, distribution, etc ২০০২.
300 ## - PHYSICAL DESCRIPTION
Pagination 332 p. :
Dimensions 22 cm.
650 ## - SUBJECT ADDED ENTRY--TOPICAL TERM
Topical term or geographic name as entry element Ethics
650 ## - SUBJECT ADDED ENTRY--TOPICAL TERM
Topical term or geographic name as entry element Morale
942 ## - ADDED ENTRY ELEMENTS (KOHA)
Source of classification or shelving scheme Dewey Decimal Classification
Koha item type Books
Koha issues (borrowed), all copies 1
Holdings
Source of classification or shelving scheme Damaged status Not for loan Home library Current library Shelving location Date of accession Cost, normal purchase price Total Checkouts Full call number Barcode Date last seen Date checked out Copy number Koha item type
Dewey Decimal Classification     JCC Rouf Library JCC Rouf Library General Stacks 10/17/2017 200.00 1 170 ISL 2002 2215 06/26/2019 06/24/2019 C-1 Books

JCC Library | Contacts | JCC Home

Last Update on 23 September 2017
Copyright @ 2017-2020 JCC Rouf Library
Rouf Library, Jhenidah Cadet College (JCC), Bangladesh